Nobel Prize in Literature A-Z Quiz Stats

 Plays Quiz Updated Apr 3, 2020

Support Sporcle.
Go Orange.
Score 0/24 Timer 08:00
0 Plays Today
Letter Nobelist % Correct
HHamsun, Handke, Hauptmann, Heaney, Heidenstam, Hemingway, Hesse, Heyse
76.2%
SSachs, Saramago, Sartre, Seferis, Seifert, Shaw, Sholokhov, Sienkiewicz...
72.2%
MMaeterlinck, Mahfouz, Mann, Martinson, Mauriac, Miłosz, Mistral (2), Mo, Modiano, Momsen, Montale, Morrison, Müller, Munro
63.2%
FFaulkner, Fo, France
58.8%
GGalsworthy, Gao, Garcia Marquez, Gard, Gide, Gjellerup, Glück, Golding, Gordimer, Grass
54.5%
CCamus, Canetti, Carducci, Cela, Churchill, Coetzee
53.9%
BBeckett, Bellow, Benavente, Bergson, Bjørnson, Böll, Brodsky, Buck, Bunin
51%
LLagerkvist, Lagerlöf, Laxness, Le Clézio, Lessing, Lewis
47.4%
PPamuk, Pasternak, Paz, Perse, Pinter, Pirandello, Pontoppidan, Prudhomme
43.9%
IIshiguro
39.6%
JJelinek, Jensen, Jiménez, Johnson
36.9%
NNaipaul, Neruda
34.3%
Letter Nobelist % Correct
KKarlfeldt, Kawabata, Kertész, Kipling
30.5%
EEchegaray, Eliot, Elytis, Eucken
30.4%
OŌe, O'Neill
29.7%
YYeats
29.7%
WWalcott, White
23.2%
DDeledda, Dylan
21.9%
TTagore, Tokarczuk, Tranströmer
20.6%
AAgnon, Aleixandre, Andrić, Asturias, Alexievich
17.6%
VVargas Llosa
17.5%
RReymont, Rolland, Russell
17.1%
QQuasimodo
16.2%
UUndset
11.1%

You're not logged in!

Compare scores with friends on all Sporcle quizzes.
OR
Log In

From the Vault

Match the Images: Logos

by MSUKent

This quiz might give us some ideas for interesting company mergers.
Remove Ads.
Support Sporcle.
Get the best of Sporcle when you Go Orange. This ad-free experience offers more features, more stats, and more fun while also helping to support Sporcle. Thank you for becoming a member.

Show Comments

Extras

Top Quizzes Today


Score Distribution

Your Account Isn't Verified!

In order to create a playlist on Sporcle, you need to verify the email address you used during registration. Go to your Sporcle Settings to finish the process.

Report this User

Report this user for behavior that violates our Community Guidelines.

Details: